| 000 | 00840naa a22002657a 4500 | ||
|---|---|---|---|
| 001 | BR5600034 | ||
| 003 | BR-BrBNA | ||
| 005 | 20250709164601.0 | ||
| 007 | ta | ||
| 008 | 250630b bl.|||m| |||| 00| 0 por d | ||
| 040 |
_aBR-BrBNA _bpor _cBiblioteca Nacional de Agricultura |
||
| 041 | _a(Pt) | ||
| 072 |
_aQ20 _b9410 |
||
| 090 | _aQ20 BR5600034 | ||
| 100 | 1 | _aLopes, M.X.D. | |
| 245 | 1 | _aPoder bactericida do leite apos ordenha [Toxicologia de alimento] | |
| 500 | _aProblemas referentes ao leite Rio de Janeiro, GB (Brasil): 1956. p. 85-94 (BR5600034-AMS) | ||
| 650 | _aToxicologia de alimento | ||
| 650 | _aMicrobiologia de alimento | ||
| 650 | _aLeite | ||
| 650 | _aBacteria | ||
| 490 |
_aEstudos Tecnicos - Servico de Informacao Agricola (Brazil) _vno. 8 |
||
| 942 |
_cAMS _2AGRIS |
||
| 909 |
_a202506 _bLúcia _c55 _dLúcia Elande |
||
| 999 |
_c332532 _d332532 |
||